000 06467namaa22004331i 4500
003 EG-GICUC
005 20260427133640.0
008 260427s2025 ua a|||frm||| 000 0 eng d
040 _aEG-GICUC
_beng
_cEG-GICUC
_dEG-GICUC
_erda
041 0 _aeng
_beng
_bara
049 _aDeposit
082 0 4 _a617.522
092 _a617.522
_221
097 _aPh.D
099 _aCai01.09.05.Ph.D.2025.Eh.S
100 0 _aEhab Samir Ali Abu El-Ola,
_epreparation.
245 1 0 _aSexual dimophism of sphenoid and maxillary air sinuses via 3D volumetric segmentation of CBCT:
_ba cross-sectional study /
_cby Ehab Samir Ali Abu El-Ola ; Supervisors Dr. Hany Omar, Dr. Ola M. Abdelwahed Rehan.
246 1 5 _aتحديد الجنس عن طريق الجيوب الهوائية الفكية و الوتدية باستخدام التجزئة الحجمية ثلاثية الأبعاد في التصوير الشعاعى المقطعى المخروطى :
_bدراسة مقطعية
264 0 _c2025.
300 _a102 pages :
_billustrations ;
_c25 cm. +
_eCD.
336 _atext
_2rda content
337 _aUnmediated
_2rdamedia
338 _avolume
_2rdacarrier
502 _aThesis (Ph.D)-Cairo University, 2025.
504 _aBibliography: pages 97-100.
520 3 _aAim: The study was designed to discriminate sex as a crucial step in forensic odontology by volume calculation of maxillary and sphenoid sinuses via 3D semi-automatic segmentation using CBCT datasets in a sample of Egyptians. Methodology: The study included 204 CBCT scans (102 males and 102 females) collected from the database of the Oral and Maxillofacial Radiology Department, Cairo University. Patients were divided into three age ranges: Group I (18-23 years), Group II (24- 28 years), and Group III (> 28 years). The maxillary sinus (MS) and sphenoid sinuses (SS) were segmented by MIMICS software, and their volumes were calculated in mm3. Associations with sex and age were analyzed using a one-way ANOVA test. Correlation analysis was made using Spearman's rank-order correlation coefficient. Linear discriminant analysis (LDA) was then implemented for Sexual discrimination. Results: Maxillary sinus (MSV) and sphenoid sinus (SSV) volumes were obviously higher in Males (p<0.05). For sexual determination, the most discriminant parameter was left MSV, with an overall accuracy of 63.24%. The overall accuracy decreased to 62.25% when all evaluated sinuses were combined. No significant difference was detected in sinuses’ volume among different age groups. For age estimation, the right MSV and the average volume of right and left MSs showed low overall accuracy, at 36.80%. The overall accuracy increased to 37.70% when all evaluated sinuses were combined. Conclusions: Sphenoid and maxillary air sinuses may be used as valid anatomical landmarks for sex determination but they are of low value in age estimation. More studies including larger sample sizes of different populations are necessary.
520 3 _aصُممت هذه الدراسة المقطعية للتمييز بين الجنسين كخطوة أساسية في طب الأسنان الشرعي من خلال حساب حجم الجيوب الأنفية العلوية والوتدية عبر التجزئة شبه الآلية باستخدام مجموعات بيانات التصوير المقطعي المحوسب المخروطي ثلاثي الأبعاد في عينة من المصريين. تضمنت الدراسة 204 مسحًا بالتصوير المقطعي المحوسب المخروطي (102 من الذكور و102 من الإناث) جُمعت من قاعدة بيانات قسم أشعة الفم والوجه والفكين بجامعة القاهرة. قُسّم المرضى إلى ثلاث فئات عمرية: المجموعة الأولى (18-23 عامًا)، والمجموعة الثانية (24-28 عامًا)، والمجموعة الثالثة (>28 عامًا). تم تجزئة الجيوب الانفية قيد الدراسة بواسطة برنامجMIMICS وقياس أحجامهما بالملليمتر المكعب. تم تحليل الارتباطات مع الجنس والعمر باستخدام اختبار تحليل التباين أحادي الاتجاه .أُجري تحليل الارتباط باستخدام معامل ارتباط سبيرمان للرتبة والترتيب. تم بعد ذلك تطبيق تحليل التمييز الخطي (LDA) للتمييز الجنسي. أظهرت النتائج أن حجم الجيب الفكي العلوي (MSV) والجيب الوتدي (SSV) كان أعلى بشكل واضح لدى الذكور (p<0.05) بالنسبة للتحديد الجنسي، كان الجيب الفكي الأيسر هو الأكثر تمييزًا، بدقة إجمالية بلغت 63.24%. انخفضت الدقة الإجمالية إلى 62.25% عند دمج جميع الجيوب الأنفية المقيمة. لم يُكتشف أي فرق كبير في حجم الجيوب الأنفية بين الفئات العمرية المختلفة. بالنسبة لتقدير العمر، أظهر الجيب الفكي الأيمن ومتوسط حجم جميع الجيوب الأنفية دقة إجمالية منخفضة بلغت 36.80%. زادت الدقة الإجمالية إلى 37.70% عند دمج جميع الجيوب الأنفية المقيمة. استنتجنا أنه يمكن استخدام الجيوب الهوائية الوتدية والفكية كمعالم تشريحية صالحة لتحديد الجنس، ولكنها ذات قيمة منخفضة في تقدير العمر. ولذلك هناك حاجة إلى مزيد من الدراسات التي تشمل عينات أكثر عددا ومن فئات عرقية مختلفة.
530 _aIssues also as CD.
546 _aText in English and abstract in Arabic & English.
650 0 _aOral and Maxillofacial Radiology
650 0 _aاشعة الفم
653 1 _aForensic imaging
_aCBCT
_aSphenoid air sinus
_aMaxillary air sinus
_aGender discrimination
700 0 _aHany Omar
_ethesis advisor.
700 0 _aOla M. Abdelwahed Rehan
_ethesis advisor.
900 _b01-01-2025
_cHany Omar
_cOla M. Abdelwahed Rehan
_UCairo University
_FFaculty of Dentistry
_DDepartment of Oral and Maxillofacial Radiology
905 _aShimaa
942 _2ddc
_cTH
_e21
_n0
999 _c179769